[Event "Bundesliga 2022-23"]
[Site "Berlin GER"]
[Date "2023.04.01"]
[Round "12.1"]
[Board "1"]
[White "Vallejo Pons, Francisco"]
[Black "Schroeder, Jan-Christian"]
[Result "1/2-1/2"]
[WhiteTitle "GM"]
[BlackTitle "GM"]
[WhiteElo "2716"]
[BlackElo "2544"]
[WhiteTeam "OSG Baden-Baden"]
[BlackTeam "SF Berlin"]
[WhiteFideId "2205530"]
[BlackFideId "24662259"]
[EventDate "2022.10.22"]

1. d4 d5 2. c4 e6 3. Nf3 Nf6 4. g3 Be7 5. Bg2 O-O 6. Qd3 dxc4 7. Qxc4 b6 8. Ne5
Nd5 9. Nc3 Bb7 10. O-O c6 11. Re1 Qc8 12. e4 Nb4 13. Qb3 Nd7 14. Nc4 e5 15. Nxe5
Nxe5 16. dxe5 Qe6 17. Rd1 Rad8 18. Bf4 Nd3 19. Nd5 cxd5 20. Rxd3 dxe4 21. Rc3
Bc5 22. Qc2 Bd4 23. Rc7 Rc8 24. Rd1 Bxe5 25. Rxc8 Bxc8 26. Bxe5 Qxe5 27. Bxe4 1/2-1/2

[Event "Bundesliga 2022-23"]
[Site "Berlin GER"]
[Date "2023.04.01"]
[Round "12.1"]
[Board "2"]
[White "Piorun, Kacper"]
[Black "Keymer, Vincent"]
[Result "1/2-1/2"]
[WhiteTitle "GM"]
[BlackTitle "GM"]
[WhiteElo "2611"]
[BlackElo "2700"]
[WhiteTeam "SF Berlin"]
[BlackTeam "OSG Baden-Baden"]
[WhiteFideId "1130420"]
[BlackFideId "12940690"]
[EventDate "2022.10.22"]

1. d4 Nf6 2. c4 e6 3. Nf3 d5 4. Nc3 c6 5. e3 Nbd7 6. Be2 Bd6 7. a4 O-O 8. a5 a6
9. Qb3 Qe7 10. O-O Rd8 11. Bd2 Rb8 12. Rfd1 e5 13. dxe5 Nxe5 14. cxd5 cxd5 15.
Be1 Nc6 16. Qa4 Bf5 17. Bxa6 d4 18. exd4 Nb4 19. Bc4 Bc2 20. Qb5 Bxd1 21. Rxd1
Rbc8 22. Bb3 Nc6 23. Bd2 h6 24. Re1 Qd7 25. Na4 Rc7 26. Nb6 Qg4 27. Bc3 Re7 28.
Rxe7 Nxe7 29. h3 Qf4 30. Nc4 Qc1+ 31. Be1 Bc7 32. Qxb7 Nfd5 33. Qb5 Rb8 34. Qa4
Rb4 35. Qa2 Nc6 36. Ncd2 Nf4 37. Nf1 Ne2+ 38. Kh1 Ncxd4 39. Bxf7+ Kh8 40. a6
Nxf3 41. Qe6 Rb8 42. a7 Rd8 43. Qxe2 Qxe1 44. Qxe1 Nxe1 45. Bd5 Nd3 46. a8=Q
Rxa8 47. Bxa8 Nxb2 48. Nd2 Nd3 49. Ne4 Bb6 50. Kg1 Nc5 51. Nc3 Nd3 52. Nd1 Bd4
53. Kf1 Nf4 54. Be4 Kg8 55. h4 g5 56. g3 Nh5 57. Bg6 Nf6 58. h5 Nd5 59. Ke1 Kg7
60. Kd2 Kf6 61. Kd3 Ke5 62. Bf7 Nc7 63. f4+ gxf4 64. gxf4+ Kf6 65. Bg6 Ba7 66.
Nc3 Ne6 67. Nd5+ Kg7 68. Bf5 Nc5+ 69. Ke2 Nb7 70. Kf3 Bd4 71. Nc7 Bb6 72. Nb5
Bc5 73. Nc3 Nd6 74. Bg6 Bd4 75. Nd5 Bb2 76. Ke3 Nc4+ 77. Kd3 Nd6 78. Kc2 Bd4 79.
Kd2 Ba1 80. Ne3 Bd4 81. Ng4 Bb2 82. Kc2 Bd4 83. Kb3 Ba1 84. Ne5 Bd4 85. Nd7 Be3
86. f5 Ne4 87. Kc4 Nf6 88. Ne5 Kf8 89. Kb5 Bf4 90. Nd3 Bd6 91. Nc5 1/2-1/2

[Event "Bundesliga 2022-23"]
[Site "Berlin GER"]
[Date "2023.04.01"]
[Round "12.1"]
[Board "3"]
[White "Wojtaszek, Radoslaw"]
[Black "Tomczak, Jacek"]
[Result "1-0"]
[WhiteTitle "GM"]
[BlackTitle "GM"]
[WhiteElo "2693"]
[BlackElo "2595"]
[WhiteTeam "OSG Baden-Baden"]
[BlackTeam "SF Berlin"]
[WhiteFideId "1118358"]
[BlackFideId "1124668"]
[EventDate "2022.10.22"]

1. Nf3 Nf6 2. c4 e6 3. d4 b6 4. g3 Bb4+ 5. Bd2 a5 6. Bg2 Bb7 7. O-O O-O 8. Bg5
Be7 9. Qc2 c5 10. dxc5 Be4 11. Qd2 bxc5 12. Nc3 Bc6 13. Rad1 d6 14. Bxf6 gxf6
15. Qf4 Nd7 16. Nd2 Bxg2 17. Kxg2 Ne5 18. Nb5 Ra6 19. a4 d5 20. cxd5 exd5 21.
Nf3 Re6 22. e3 Nc6 23. Rd2 Nb4 24. Rfd1 c4 25. Rd4 Qc8 26. Qf5 Re5 27. Qxc8 Rxc8
28. Nxe5 fxe5 29. Rxd5 Nxd5 30. Rxd5 f6 31. Rd7 Kf7 32. Kf3 Ke6 33. Ra7 Bb4 34.
e4 h5 35. Ke2 Rd8 36. Nc7+ Kd6 37. Nd5 f5 38. f3 fxe4 39. fxe4 h4 40. gxh4 Kc5
41. Rc7+ Kd6 42. Rxc4 Bc5 43. Rc3 Bd4 44. Rh3 1-0

[Event "Bundesliga 2022-23"]
[Site "Berlin GER"]
[Date "2023.04.01"]
[Round "12.1"]
[Board "4"]
[White "Kraemer, Martin"]
[Black "Shirov, Alexei"]
[Result "1/2-1/2"]
[WhiteTitle "GM"]
[BlackTitle "GM"]
[WhiteElo "2579"]
[BlackElo "2662"]
[WhiteTeam "SF Berlin"]
[BlackTeam "OSG Baden-Baden"]
[WhiteFideId "4671910"]
[BlackFideId "2209390"]
[EventDate "2022.10.22"]

1. e4 e5 2. Nf3 Nc6 3. Bb5 a6 4. Ba4 Nf6 5. O-O b5 6. Bb3 Bc5 7. a4 Rb8 8. c3 d6
9. d4 Bb6 10. axb5 axb5 11. Qd3 O-O 12. Bg5 h6 13. Bxf6 Qxf6 14. Qxb5 Na7 15.
Qd3 Nc6 16. Qb5 Na7 17. Qd3 Nc6 18. Qb5 1/2-1/2

[Event "Bundesliga 2022-23"]
[Site "Berlin GER"]
[Date "2023.04.01"]
[Round "12.1"]
[Board "5"]
[White "Naiditsch, Arkadij"]
[Black "Baldauf, Marco"]
[Result "1-0"]
[WhiteTitle "GM"]
[BlackTitle "GM"]
[WhiteElo "2667"]
[BlackElo "2506"]
[WhiteTeam "OSG Baden-Baden"]
[BlackTeam "SF Berlin"]
[WhiteFideId "4650891"]
[BlackFideId "4688210"]
[EventDate "2022.10.22"]

1. Nf3 Nf6 2. g3 g6 3. Bg2 Bg7 4. O-O c5 5. d3 d5 6. Nbd2 Nc6 7. e4 O-O 8. Re1
e5 9. exd5 Nxd5 10. Nc4 f6 11. c3 Be6 12. d4 Nxc3 13. bxc3 Bxc4 14. Ba3 exd4 15.
Bxc5 Re8 16. Rxe8+ Qxe8 17. Nxd4 Rd8 18. Qa4 Bd5 19. Nxc6 Qxc6 20. Qxc6 Bxc6 21.
Bxc6 bxc6 22. Bxa7 f5 23. Bb6 Ra8 24. Bd4 Bxd4 25. cxd4 Ra4 26. Rc1 Rxa2 27.
Rxc6 Ra4 28. d5 Rd4 29. Rc5 h5 30. Kg2 Kf7 31. Kf3 g5 32. Ke3 Rd1 33. h4 gxh4
34. gxh4 Kf6 35. f3 Ke5 36. d6+ Kxd6 37. Rxf5 Ke6 38. Rxh5 Kf6 39. Kf4 Ra1 40.
Rh6+ Kg7 41. Rc6 Ra4+ 42. Kg5 Ra5+ 43. Kg4 Ra1 44. h5 Ra4+ 45. f4 Ra1 46. Re6
Rg1+ 47. Kf5 Ra1 48. Rg6+ Kh7 49. Kg5 Rg1+ 50. Kf6 Ra1 51. f5 Ra6+ 52. Kg5 Ra1
53. Rh6+ Kg8 54. Rd6 Rg1+ 55. Kf6 Ra1 56. Ke7 1-0

[Event "Bundesliga 2022-23"]
[Site "Berlin GER"]
[Date "2023.04.01"]
[Round "12.1"]
[Board "6"]
[White "Blohberger, Felix"]
[Black "Bacrot, Etienne"]
[Result "0-1"]
[WhiteTitle "GM"]
[BlackTitle "GM"]
[WhiteElo "2493"]
[BlackElo "2646"]
[WhiteTeam "SF Berlin"]
[BlackTeam "OSG Baden-Baden"]
[WhiteFideId "1632051"]
[BlackFideId "605506"]
[EventDate "2022.10.22"]

1. Nf3 d5 2. g3 Nd7 3. d4 Nb6 4. b3 Bf5 5. Nh4 Bg4 6. h3 Bh5 7. Ng2 Bg6 8. Nf4
e6 9. Bg2 Nf6 10. Nxg6 hxg6 11. Qd3 c5 12. dxc5 Bxc5 13. Bb2 Qe7 14. O-O O-O 15.
e3 Rac8 16. a4 Rfd8 17. a5 Nbd7 18. Nd2 Bd6 19. Rfc1 Be5 20. Bd4 Rc7 21. f4 Bxd4
22. exd4 Ne8 23. Qe3 Nd6 24. c4 dxc4 25. bxc4 Nf5 26. Qc3 Nf6 27. Nb3 Nh5 28. d5
Nfxg3 29. Re1 Qh4 30. Qe5 Re7 31. Qg5 Qxg5 32. fxg5 Nf4 33. Ra2 Nf5 34. Rd2 exd5
35. Rxe7 Nxe7 36. cxd5 Nxg2 37. d6 Nf5 38. Kxg2 Rxd6 39. Re2 Kf8 40. Nc5 b6 41.
axb6 axb6 42. Na6 Nd4 43. Re5 Ne6 44. Nb4 Rd2+ 45. Kg3 Rb2 46. Rb5 Nxg5 47. Rxb6
Kg8 48. h4 Rb3+ 49. Kf4 Nf3 50. Kg3 Nd4+ 51. Kf4 Ne2+ 52. Ke5 Re3+ 53. Kd5 Nf4+
54. Kd4 Re8 55. Rb5 Kh7 56. Nc6 f6 57. Rb1 Ng2 0-1

[Event "Bundesliga 2022-23"]
[Site "Berlin GER"]
[Date "2023.04.01"]
[Round "12.1"]
[Board "7"]
[White "Donchenko, Alexander"]
[Black "Hess, Max"]
[Result "1-0"]
[WhiteTitle "GM"]
[BlackTitle "FM"]
[WhiteElo "2646"]
[BlackElo "2361"]
[WhiteTeam "OSG Baden-Baden"]
[BlackTeam "SF Berlin"]
[WhiteFideId "24603295"]
[BlackFideId "24656666"]
[EventDate "2022.10.22"]

1. c4 e6 2. g3 d5 3. Bg2 Nf6 4. Nf3 dxc4 5. Qa4+ Bd7 6. Qxc4 c5 7. Ne5 Qc8 8.
Qd3 Nc6 9. Nxd7 Nxd7 10. b3 Be7 11. Bb2 O-O 12. Nc3 Rd8 13. Rc1 Nf6 14. Qb1 Qd7
15. d3 Rac8 16. O-O h5 17. Kh1 Nd4 18. Rcd1 h4 19. e3 Nf5 20. Bf3 hxg3 21. hxg3
Nh7 22. Ne4 Ng5 23. Bg2 Qb5 24. Qc2 Rd7 25. a4 Qb6 26. Rc1 Rcd8 27. Rfd1 Qa6 28.
Nxc5 Bxc5 29. Qxc5 Rxd3 30. Qc2 Rxd1+ 31. Rxd1 Rxd1+ 32. Qxd1 Qb6 33. Bc3 Qc7
34. Qd3 b6 35. b4 Nd6 36. Be5 Qc1+ 37. Kh2 Ne8 38. Qd8 1-0

[Event "Bundesliga 2022-23"]
[Site "Berlin GER"]
[Date "2023.04.01"]
[Round "12.1"]
[Board "8"]
[White "Schmidek, Emil"]
[Black "Movsesian, Sergei"]
[Result "0-1"]
[WhiteTitle "IM"]
[BlackTitle "GM"]
[WhiteElo "2414"]
[BlackElo "2619"]
[WhiteTeam "SF Berlin"]
[BlackTeam "OSG Baden-Baden"]
[WhiteFideId "12908150"]
[BlackFideId "310204"]
[EventDate "2022.10.22"]

1. d4 Nf6 2. c4 g6 3. Nc3 Bg7 4. e4 d6 5. f3 O-O 6. Be3 a6 7. Qd2 Nc6 8. Nge2
Bd7 9. Rc1 b5 10. Nd5 bxc4 11. Rxc4 Nxd5 12. exd5 Na7 13. Bh6 Re8 14. h4 Bh8 15.
h5 Nc8 16. hxg6 fxg6 17. Nf4 e5 18. dxe6 Bxe6 19. Nxe6 Rxe6+ 20. Kf2 d5 21. Rc5
c6 22. g3 Qf6 23. Rh4 Nd6 24. Bg5 Qf8 25. Bh6 Qe8 26. Bh3 Re7 27. Rf4 Nf7 28.
Rh4 Rd8 29. Bf1 Rd6 30. Bf4 Rde6 31. Rc3 Bf6 32. Rg4 Kg7 33. Be3 h5 34. Rf4 Nd6
35. Rxf6 Rxf6 36. Bf4 h4 37. gxh4 Ref7 38. Bxd6 Rxd6 39. Bxa6 Qd8 40. Kg3 Rdf6
41. Be2 Qd6+ 42. Kg2 Rf4 43. Qe3 Re7 44. Qf2 Qf6 45. Bf1 Rf7 46. Be2 Rxh4 47.
Rxc6 Rg4+ 48. Kh3 Qg5 0-1

[Event "Bundesliga 2022-23"]
[Site "Berlin GER"]
[Date "2023.04.01"]
[Round "12.2"]
[Board "1"]
[White "Bosiocic, Marin"]
[Black "Bartel, Mateusz"]
[Result "0-1"]
[WhiteTitle "GM"]
[BlackTitle "GM"]
[WhiteElo "2548"]
[BlackElo "2630"]
[WhiteTeam "TSV Schoenaich"]
[BlackTeam "USV TU Dresden"]
[WhiteFideId "14507927"]
[BlackFideId "1112635"]
[EventDate "2022.10.22"]

1. c4 c6 2. e4 d5 3. exd5 cxd5 4. cxd5 Nf6 5. Nc3 Nxd5 6. Nf3 e6 7. d4 Be7 8.
Bd3 O-O 9. O-O Nc6 10. Bc2 Ncb4 11. Bb1 Nf6 12. a3 Nbd5 13. Qd3 Bd7 14. Ne5 g6
15. Qg3 Kg7 16. Qh3 h5 17. Qg3 Be8 18. Re1 Rc8 19. Ne4 Qa5 20. Rd1 Qa4 21. Qf3
Rxc1 22. Rxc1 Qxd4 23. Nc4 Bb5 24. Bd3 Bxc4 25. Rxc4 Qxb2 26. Rb1 Qxa3 27. Rxb7
Rd8 28. g3 Ng4 29. Nc5 Ne5 30. Qe4 Nxd3 31. Nxd3 Nf6 32. Qe2 Rxd3 33. Rcc7 Qd6
34. Rxe7 Qd5 35. Rb1 Rd2 36. Qe3 Ng4 37. Qc3+ e5 38. Rf1 Rd3 39. Qb2 Qd6 40.
Rxa7 h4 41. Ra4 Qd7 42. Ra8 Rd1 43. Qe2 Rd2 44. Qe4 h3 45. Ra4 Nf6 46. Qa8 e4
47. Ra3 Qf5 48. Qc6 Nd5 49. Qc4 e3 50. f3 Qe5 51. Rb3 Rg2+ 52. Kh1 e2 53. Re1
Ne3 54. Qd3 Rf2 55. Rbb1 Nf1 56. Rxe2 Rxe2 57. Rxf1 Qb2 0-1

[Event "Bundesliga 2022-23"]
[Site "Berlin GER"]
[Date "2023.04.01"]
[Round "12.2"]
[Board "2"]
[White "Vogel, Roven"]
[Black "Kadric, Denis"]
[Result "1-0"]
[WhiteTitle "IM"]
[BlackTitle "GM"]
[WhiteElo "2463"]
[BlackElo "2561"]
[WhiteTeam "USV TU Dresden"]
[BlackTeam "TSV Schoenaich"]
[WhiteFideId "12908088"]
[BlackFideId "14403803"]
[EventDate "2022.10.22"]

1. d4 Nf6 2. c4 g6 3. Nc3 Bg7 4. e4 d6 5. Nf3 O-O 6. Be2 Nbd7 7. O-O e5 8. Be3
c6 9. d5 c5 10. Ne1 Kh8 11. f3 Ng8 12. g4 f5 13. exf5 gxf5 14. Ng2 Ndf6 15. Kh1
Ne7 16. Nh4 Bd7 17. Rg1 Qc8 18. a4 a6 19. a5 Rb8 20. Qc2 b5 21. axb6 Rxb6 22.
Raf1 Nfg8 23. Bd3 Rf7 24. Qg2 Nf6 25. Bc1 Ne8 26. Nxf5 Nxf5 27. gxf5 Bxf5 28.
Bxf5 Qxf5 29. Ne4 Nf6 30. Ng5 Re7 31. Ne6 Rbb7 32. f4 e4 33. Bd2 Rxe6 34. dxe6
Qxe6 35. Bc3 Re7 36. b3 e3 37. Qf3 e2 38. Re1 Qe3 39. Qa8+ Re8 40. Qg2 1-0

[Event "Bundesliga 2022-23"]
[Site "Berlin GER"]
[Date "2023.04.01"]
[Round "12.2"]
[Board "3"]
[White "Ivanisevic, Ivan"]
[Black "Maiwald, Jens-Uwe"]
[Result "1-0"]
[WhiteTitle "GM"]
[BlackTitle "GM"]
[WhiteElo "2547"]
[BlackElo "2441"]
[WhiteTeam "TSV Schoenaich"]
[BlackTeam "USV TU Dresden"]
[WhiteFideId "912417"]
[BlackFideId "4612396"]
[EventDate "2022.10.22"]

1. d4 Nf6 2. c4 g6 3. Nc3 Bg7 4. e4 d6 5. Nf3 O-O 6. h3 e5 7. d5 a5 8. Bd3 Na6
9. O-O Nh5 10. a3 Nc5 11. Bc2 Nf4 12. Re1 f5 13. Rb1 fxe4 14. Nxe4 Nxe4 15. Bxe4
b6 16. b4 axb4 17. axb4 Bd7 18. Be3 Qf6 19. c5 b5 20. Ra1 Kh8 21. c6 Bf5 22.
Bxf4 exf4 23. Rxa8 Rxa8 24. Bxf5 Qxf5 25. Re6 Kg8 26. Kh2 Kf8 27. Qd2 g5 28. Re1
Kg8 29. Qe2 h5 30. Qe6+ Qxe6 31. Rxe6 g4 32. hxg4 hxg4 33. Ng5 Bd4 34. Rg6+ Kh8
35. Nf7+ Kh7 36. Rxg4 Bxf2 37. Rxf4 Bb6 38. Ng5+ Kg6 39. Ne6 Ra2 40. Kh3 Rb2 41.
g4 Rb3+ 42. Kh4 Rb1 43. g5 Rh1+ 44. Kg3 Rg1+ 45. Kh2 Rd1 46. Rf3 Kh5 47. Kg3
Rg1+ 48. Kf4 Kg6 49. Rh3 Rf1+ 50. Kg4 Rg1+ 51. Rg3 Rb1 52. Nf4+ Kg7 53. Kf5 Rxb4
54. Nh5+ Kf8 55. g6 Bd4 56. Ke6 Kg8 57. Rf3 1-0

[Event "Bundesliga 2022-23"]
[Site "Berlin GER"]
[Date "2023.04.01"]
[Round "12.2"]
[Board "4"]
[White "Boensch, Uwe"]
[Black "Perunovic, Milos"]
[Result "0-1"]
[WhiteTitle "GM"]
[BlackTitle "GM"]
[WhiteElo "2466"]
[BlackElo "2542"]
[WhiteTeam "USV TU Dresden"]
[BlackTeam "TSV Schoenaich"]
[WhiteFideId "4611268"]
[BlackFideId "921629"]
[EventDate "2022.10.22"]

1. d4 Nf6 2. c4 e6 3. Nf3 c5 4. Nc3 cxd4 5. Nxd4 Nc6 6. a3 Nxd4 7. Qxd4 b6 8.
Bg5 h6 9. Bh4 Bb7 10. e4 Bc5 11. Qd3 e5 12. f3 O-O 13. Bf2 Bxf2+ 14. Kxf2 Rc8
15. Be2 Ba6 16. b3 b5 17. Nxb5 Bxb5 18. cxb5 d5 19. Rhd1 Qb6+ 20. Kf1 Rfd8 21.
Qb1 dxe4 22. fxe4 Rxd1+ 23. Bxd1 Qxb5+ 24. Be2 Qb6 25. Qd3 Rd8 26. Qc2 Qe3 27.
Rd1 Rb8 28. Rd3 Qxe4 29. Qc7 Qf5+ 30. Ke1 Rc8 31. Rd8+ Rxd8 32. Qxd8+ Kh7 33.
Qd3 e4 34. Qd4 Qa5+ 35. Kf2 Qxa3 36. Bc4 Qa2+ 37. Kg3 Qa5 38. h3 Qc7+ 39. Kf2
Qe7 40. Ke2 Nh5 41. g4 Nf6 42. Qf2 g6 43. Qf4 g5 44. Qb8 Kg7 45. Qb5 Qc7 0-1

[Event "Bundesliga 2022-23"]
[Site "Berlin GER"]
[Date "2023.04.01"]
[Round "12.2"]
[Board "5"]
[White "Plenca, Julijan"]
[Black "Tischbierek, Raj"]
[Result "1/2-1/2"]
[WhiteTitle "IM"]
[BlackTitle "GM"]
[WhiteElo "2447"]
[BlackElo "2423"]
[WhiteTeam "TSV Schoenaich"]
[BlackTeam "USV TU Dresden"]
[WhiteFideId "14508044"]
[BlackFideId "4611322"]
[EventDate "2022.10.22"]

1. e4 c5 2. Nf3 Nf6 3. e5 Nd5 4. Nc3 e6 5. Nxd5 exd5 6. d4 Nc6 7. dxc5 Bxc5 8.
Bd3 d6 9. exd6 O-O 10. O-O Qxd6 11. Re1 h6 12. Be3 d4 13. Bd2 Bg4 14. Qe2 Bh5
15. a3 Bb6 16. Qe4 Bg6 17. Qf4 Qxf4 18. Bxf4 Rac8 19. Rad1 Rfd8 20. Bxg6 fxg6
21. h4 Rf8 22. Bd6 Rfd8 23. Bg3 Re8 24. b4 a6 25. Kf1 Kf7 26. Be5 Red8 27. Rd3
Kg8 28. Re2 Kh7 29. Bg3 Re8 30. Rxe8 Rxe8 31. Nd2 Bd8 32. Nb3 Bf6 33. Nc5 Re7
34. Rd1 b5 35. Nxa6 Ra7 36. a4 bxa4 37. b5 a3 38. Bd6 d3 39. Bxa3 dxc2 40. Rc1
Nd4 41. Bc5 Rb7 42. Bxd4 1/2-1/2

[Event "Bundesliga 2022-23"]
[Site "Berlin GER"]
[Date "2023.04.01"]
[Round "12.2"]
[Board "6"]
[White "Hoffmann, Paul"]
[Black "Richter, Nils"]
[Result "1/2-1/2"]
[WhiteTitle "IM"]
[BlackTitle "FM"]
[WhiteElo "2379"]
[BlackElo "2395"]
[WhiteTeam "USV TU Dresden"]
[BlackTeam "TSV Schoenaich"]
[WhiteFideId "4664450"]
[BlackFideId "12990809"]
[EventDate "2022.10.22"]

1. Nf3 Nf6 2. g3 b5 3. Bg2 Bb7 4. O-O e6 5. d3 c5 6. b3 Be7 7. c4 a6 8. Na3 Qb6
9. e4 d6 10. h3 Nc6 11. Nc2 O-O 12. g4 Nd7 13. g5 Rad8 14. Nh2 Nd4 15. Nxd4 cxd4
16. f4 f5 17. gxf6 Nxf6 18. Bd2 Qc5 19. Rf2 Ba8 20. Bf3 Rd7 1/2-1/2

[Event "Bundesliga 2022-23"]
[Site "Berlin GER"]
[Date "2023.04.01"]
[Round "12.2"]
[Board "7"]
[White "Saric, Ante"]
[Black "Loxine, Jakov"]
[Result "0-1"]
[WhiteTitle "GM"]
[BlackTitle "IM"]
[WhiteElo "2510"]
[BlackElo "2391"]
[WhiteTeam "TSV Schoenaich"]
[BlackTeam "USV TU Dresden"]
[WhiteFideId "14506254"]
[BlackFideId "4173031"]
[EventDate "2022.10.22"]

1. d4 Nf6 2. c4 g6 3. g3 Bg7 4. Bg2 O-O 5. Nc3 d6 6. Nf3 Nc6 7. O-O e5 8. dxe5
dxe5 9. Bg5 h6 10. Qxd8 Rxd8 11. Bxf6 Bxf6 12. Nd5 Kg7 13. Nd2 Bg4 14. Ne4 Be7
15. Nec3 Bd6 16. h3 Be6 17. Rfd1 Rac8 18. Nb5 f5 19. Rac1 e4 20. Nxd6 Rxd6 21.
f3 Rcd8 22. fxe4 fxe4 23. Rf1 Nd4 24. Kh2 c6 25. Nf4 Bf7 26. Bxe4 Re8 27. c5 Rd7
28. Bd3 g5 29. Ng2 Nxe2 30. Rcd1 Nd4 31. b3 Re5 32. Rc1 Ne2 33. Rcd1 Nc3 34. Rd2
Ne4 35. Rdd1 Nxc5 36. Bc4 Rxd1 37. Rxd1 Bxc4 38. bxc4 Re2 39. Kg1 Rxa2 40. Ne3
a5 41. Rd6 a4 42. Nf5+ Kf8 43. Rxh6 a3 44. Rf6+ Ke8 45. Ng7+ Ke7 46. Rf3 b5 47.
Nf5+ Kd7 48. cxb5 cxb5 49. Nd4 Rd2 50. Nxb5 Rd1+ 51. Kg2 a2 52. Rf7+ Ke6 0-1

[Event "Bundesliga 2022-23"]
[Site "Berlin GER"]
[Date "2023.04.01"]
[Round "12.2"]
[Board "8"]
[White "Moehn, Hans"]
[Black "Plenca, Jadranko"]
[Result "1/2-1/2"]
[WhiteTitle "FM"]
[BlackTitle "IM"]
[WhiteElo "2363"]
[BlackElo "2412"]
[WhiteTeam "USV TU Dresden"]
[BlackTeam "TSV Schoenaich"]
[WhiteFideId "24647837"]
[BlackFideId "14527146"]
[EventDate "2022.10.22"]

1. Nf3 d5 2. g3 Nd7 3. Bg2 Ngf6 4. O-O e5 5. d3 Bc5 6. Nc3 d4 7. Nb5 c6 8. Na3
O-O 9. Nc4 Re8 10. a4 Rb8 11. Bd2 Bf8 12. Re1 b6 13. e3 dxe3 14. Rxe3 Ng4 15.
Re1 Ba6 16. b3 Bxc4 17. bxc4 Bc5 18. Re2 e4 19. dxe4 Rxe4 20. Be1 Rxe2 21. Qxe2
Qe8 22. Qd3 Nde5 23. Qe4 Nxf3+ 24. Qxf3 Ne5 25. Qe4 Qe6 26. Bc3 Re8 27. Bxe5 1/2-1/2

[Event "Bundesliga 2022-23"]
[Site "Remagen GER"]
[Date "2023.04.01"]
[Round "12.3"]
[Board "1"]
[White "Cheparinov, Ivan"]
[Black "Parligras, Mircea-Emilian"]
[Result "1/2-1/2"]
[WhiteTitle "GM"]
[BlackTitle "GM"]
[WhiteElo "2689"]
[BlackElo "2560"]
[WhiteTeam "SK Doppelbauer Turm Kiel"]
[BlackTeam "SC Remagen Sinzig"]
[WhiteFideId "2905540"]
[BlackFideId "1204297"]
[EventDate "2022.10.22"]

1. d4 Nf6 2. c4 e6 3. Nf3 d5 4. Nc3 Bb4 5. Bg5 h6 6. Bh4 dxc4 7. a3 Bxc3+ 8.
bxc3 b5 9. a4 c6 10. Qc2 Nbd7 11. e4 Qc7 12. Bg3 Qa5 13. Ra2 Qd8 14. Bd6 Nb6 15.
e5 Nfd5 16. Nd2 Nxa4 17. Rxa4 bxa4 18. Qxa4 Nxc3 19. Qxc4 Nd5 20. Be2 Ne7 21.
Qc5 Nf5 22. Nc4 Bd7 23. O-O Nxd6 24. Nxd6+ Kf8 25. Rb1 Kg8 26. Rb7 Rb8 27. Rxa7
Ra8 28. g3 Rxa7 29. Qxa7 Be8 30. Bd3 g6 31. Ne4 Kg7 32. Nf6 c5 33. Qxc5 Ba4 34.
d5 exd5 35. Qd4 Bb3 36. Bxg6 fxg6 37. Qa7+ Kf8 38. Qa3+ Qe7 39. Qxb3 Qe6 40. Qb7
Qf7 41. Nd7+ Kg7 42. Qb2 Kg8 43. Qb8+ Kg7 44. Qb2 Kg8 45. Nf6+ Kg7 1/2-1/2

[Event "Bundesliga 2022-23"]
[Site "Remagen GER"]
[Date "2023.04.01"]
[Round "12.3"]
[Board "2"]
[White "Plat, Vojtech"]
[Black "Lupulescu, Constantin"]
[Result "1/2-1/2"]
[WhiteTitle "GM"]
[BlackTitle "GM"]
[WhiteElo "2546"]
[BlackElo "2603"]
[WhiteTeam "SC Remagen Sinzig"]
[BlackTeam "SK Doppelbauer Turm Kiel"]
[WhiteFideId "325740"]
[BlackFideId "1207822"]
[EventDate "2022.10.22"]

1. e4 e6 2. d4 d5 3. Nd2 c5 4. exd5 Qxd5 5. Ngf3 cxd4 6. Bc4 Qd6 7. O-O Nf6 8.
Nb3 Nc6 9. Nbxd4 Nxd4 10. Qxd4 Qxd4 11. Nxd4 Bd7 12. Bf4 Rc8 13. Bb3 Bc5 14.
Rad1 O-O 15. c3 Rfd8 16. Rfe1 h6 17. h3 a5 18. a4 Nd5 19. Bxd5 exd5 20. b3 Re8
21. Rxe8+ Rxe8 22. Kf1 Rc8 23. Nb5 Bxb5+ 24. axb5 Bb6 25. Rxd5 Rxc3 26. Rd7 Rxb3
27. Rxb7 Bc5 28. Be3 Bxe3 29. fxe3 Rxe3 30. Ra7 Ra3 31. h4 g6 32. Kf2 Kg7 33. g3
a4 34. b6 Rb3 35. Rxa4 Rxb6 36. Kf3 Kf6 37. Rf4+ Ke6 38. Ra4 f5 39. Kf4 Kf6 40.
Ra5 Rb4+ 41. Kf3 Rb3+ 42. Kf2 Rb6 43. Kf3 Rd6 44. Ra3 g5 45. hxg5+ hxg5 46. Ra5
Rd4 47. Ra8 Rd3+ 48. Kf2 Rd6 49. Rf8+ Ke5 50. Ke3 Ra6 51. Re8+ Kf6 52. Rf8+ Kg6
53. Kf3 Ra3+ 54. Kf2 Ra2+ 55. Kf1 Rb2 56. Ra8 Kh5 57. Ra4 Rc2 58. Rb4 Ra2 59.
Rc4 Ra5 60. Kf2 Re5 61. Kf3 Ra5 62. Kf2 Ra3 63. Rb4 Ra2+ 64. Kf1 Rd2 65. Ra4 Rd6
66. Kf2 Kg6 67. Ra5 Kf6 68. Rb5 Ke6 69. g4 Rd5 70. Rxd5 Kxd5 71. gxf5 Ke5 72.
Kg3 Kxf5 73. Kf3 g4+ 74. Kg3 Kg5 75. Kf2 g3+ 76. Kxg3 1/2-1/2

[Event "Bundesliga 2022-23"]
[Site "Remagen GER"]
[Date "2023.04.01"]
[Round "12.3"]
[Board "3"]
[White "Gavrilescu, David"]
[Black "Pavlidis, Antonios"]
[Result "0-1"]
[WhiteTitle "IM"]
[BlackTitle "GM"]
[WhiteElo "2523"]
[BlackElo "2550"]
[WhiteTeam "SK Doppelbauer Turm Kiel"]
[BlackTeam "SC Remagen Sinzig"]
[WhiteFideId "1227190"]
[BlackFideId "4212312"]
[EventDate "2022.10.22"]

1. e4 e5 2. Nf3 Nc6 3. Bb5 a6 4. Ba4 Nf6 5. O-O Be7 6. d3 b5 7. Bb3 d6 8. c3 O-O
9. a4 Bd7 10. Bc2 Re8 11. Re1 h6 12. Nbd2 Bf8 13. Nf1 d5 14. exd5 Nxd5 15. d4
exd4 16. Rxe8 Bxe8 17. axb5 axb5 18. Rxa8 Qxa8 19. Nxd4 Nxd4 20. Qxd4 Bc6 21. h3
Nf6 22. Ne3 Be4 23. Bxe4 Nxe4 24. Kf1 Nc5 25. Qd1 Qa2 26. Qc2 Nb3 27. Nf5 b4 28.
Ne3 Na1 29. Qd3 Nb3 30. Qc2 Qa6+ 31. Kg1 Qa1 32. Qxb3 Qxc1+ 33. Nf1 c5 34. g3 g6
35. Kg2 Bg7 36. cxb4 c4 37. Qe3 Qxb2 38. Qe8+ Bf8 39. Ne3 Qxb4 40. Nd5 Qc5 41.
Qa8 c3 42. Nf6+ Kg7 43. Nd7 Qd6 44. Nxf8 Qxf8 45. Qc6 Qb4 46. Qc7 Qe4+ 47. Kh2
Qd4 48. Kg2 g5 49. Kg1 Qd3 50. Qe5+ Kg6 51. Kh2 c2 52. Qe1 Qc4 53. Qc1 Qe2 0-1